书目信息 |
| 题名: |
物流管理
|
|
| 作者: | 菊池康也 著 | |
| 分册: | ||
| 出版信息: | 北京 清华大学出版社 1999.12 |
|
| 页数: | 125页 | |
| 开本: | 16开 | |
| 丛书名: | ||
| 单 册: | ||
| 中图分类: | F252-43 | |
| 科图分类: | ||
| 主题词: | 物资经济 | |
| 电子资源: | ||
| ISBN: | 7-302-03743-4 | |
| 000 | 00543nam0 2200193 45 | |
| 001 | 0010071650 | |
| 005 | 20001007165355.5 | |
| 010 | @a7-302-03743-4@d16.00元 | |
| 100 | @a20001007d1999 km y0chiy0120 ea | |
| 101 | 0 | @achi |
| 105 | @a z 000yy | |
| 200 | 1 | @a物流管理@AWu Liu Guan Li@f(日)菊池康也著@F(Ri)Ju Chi Kang Ye Zhu |
| 210 | @a北京@c清华大学出版社@d1999.12 | |
| 215 | @a125页@d16开 | |
| 606 | 0 | @a物资经济 |
| 690 | @aF252-43@v3 | |
| 701 | 0 | @a菊池康也@4著 |
| 801 | @aCN@bPftUser@c20001007 | |
| 905 | @b171668-672@dF252-43@eJ367@f5 | |
| 物流管理/(日)菊池康也著.-北京:清华大学出版社,1999.12 |
| 125页;16开 |
| ISBN 7-302-03743-4:16.00元 |
| ● |
| 相关链接 |
|
|
|
正题名:物流管理
索取号:F252-43/J367
 
预约/预借
| 序号 | 登录号 | 条形码 | 馆藏地/架位号 | 状态 | 备注 |
| 1 | 171668 | 201716688 | 社科二线422/422社科库 28排2列1层/ [索取号:F252-43/J367] | 在馆 | |
| 2 | 171669 | 201716697 | 社科二线422/422社科库 28排2列1层/ [索取号:F252-43/J367] | 在馆 | |
| 3 | 171670 | 201716704 | 社科二线422/422社科库 28排2列1层/ [索取号:F252-43/J367] | 在馆 | |
| 4 | 171671 | 201716713 | 社科二线422/422社科库 28排2列1层/ [索取号:F252-43/J367] | 在馆 | |
| 5 | 171672 | 201716722 | 社科库409/409社科库 80排4列5层/ [索取号:F252-43/J367] | 在馆 |